An evaluation of the effectiveness of records surveys in the management of public records in Masvingo Province/ (Record no. 99127)

MARC details
000 -LEADER
fixed length control field 00751nam a2200217 a 4500
008 - FIXED-LENGTH DATA ELEMENTS--GENERAL INFORMATION
fixed length control field
049 ## - LOCAL HOLDINGS (OCLC)
Holding library MAIN
090 ## - LOCALLY ASSIGNED LC-TYPE CALL NUMBER (OCLC); LOCAL CALL NUMBER (RLIN)
Classification number (OCLC) (R) ; Classification number, CALL (RLIN) (NR) SC CD950
Local cutter number (OCLC) ; Book number/undivided call number, CALL (RLIN) MAB
003 - CONTROL NUMBER IDENTIFIER
control field
005 - DATE AND TIME OF LATEST TRANSACTION
control field 20230120153123.0
040 ## - CATALOGING SOURCE
Transcribing agency NUST
100 1# - MAIN ENTRY--PERSONAL NAME
Personal name Maboreke, Danmore.
245 10 - TITLE STATEMENT
Title An evaluation of the effectiveness of records surveys in the management of public records in Masvingo Province/
Statement of responsibility, etc. Danmore Maboreke.
260 ## - PUBLICATION, DISTRIBUTION, ETC.
Place of publication, distribution, etc. Bulawayo :
Name of publisher, distributor, etc. NUST,
Date of publication, distribution, etc. 2007.
300 ## - PHYSICAL DESCRIPTION
Extent xii, 129 p. :
Other physical details ill, ;
Dimensions 30 cm.
504 ## - BIBLIOGRAPHY, ETC. NOTE
Bibliography, etc. note Includes bibliographical references.
500 ## - GENERAL NOTE
General note Thesis (MScLIS)---NUST,2007.
700 ## - ADDED ENTRY--PERSONAL NAME
Personal name NUST.
Numeration Dept. Of Library and Information Science.
Title of a work Thesis.
907 ## - LOCAL DATA ELEMENT G, LDG (RLIN)
a .b10265181
b 24-11-15
c 20-08-09
942 ## - ADDED ENTRY ELEMENTS (KOHA)
Koha item type Ordinary Loan Books
Call number prefix SC CD950
Call number suffix MAB
Holdings
Date last seen Total Checkouts Full call number Barcode Cost, replacement price Price effective from Koha item type Lost status Source of classification or shelving scheme Damaged status Not for loan Collection Withdrawn status Home library Current library Shelving location Date acquired Cost, normal purchase price
01/20/2023 5 SC CD950 MAB 92004011355 80.00 01/20/2023 3HOUR   LCC     NFIC   MAIN MAIN GEN 01/20/2023 80.00